Ngọa hổ tàng long

Uloženo v:
Podrobná bibliografie
Hlavní autor: VƯƠNG ĐỘ LƯ
Médium: Kniha
Jazyk:Undetermined
Vydáno: Văn nghệ 2002
Tagy: Přidat tag
Žádné tagy, Buďte první, kdo otaguje tento záznam!
Thư viện lưu trữ: Trung tâm Học liệu Trường Đại học Cần Thơ
LEADER 00424nam a2200145Ia 4500
001 CTU_48256
008 210402s9999 xx 000 0 und d
082 |a 895.13081 
082 |b L550/T2 
100 |a VƯƠNG ĐỘ LƯ 
245 0 |a Ngọa hổ tàng long 
245 0 |c VƯƠNG ĐỘ LƯ, Cao Tự Thanh 
260 |b Văn nghệ 
260 |c 2002 
980 |a Trung tâm Học liệu Trường Đại học Cần Thơ